000 00378 a2200109 4500
001 ART_49769
005 20260410161936.0
008 260409a
245 1 0 _aReflexiones sobre la transición demográfica
100 1 _aLuzzetti, Carlos A.
773 0 _tAnales de la Academia Nacional de Ciencias Económicas
_g- Vol. XXVIII, (1983) (ene./dic. 1983)
_wREV25596
999 _c29077
_d29077